000 01142nam0a22002651 4500
001 rc\3560832
005 20130115140149.8
021 _aRU
_b[76-66307]
035 _a(NLR Aleph) 007796979
090 _a7670618
_c7670618
100 _a20130115d1976 |||y0rusy50 ca
101 0 _arus
102 _aRU
105 _ay z |||||
200 1 _aНаучные основы физического воспитания и спорта
_e(Сборник науч. работ)
_fГос. ин-т физ. культуры им. П.Ф. Лесгафта
_g[Ред. коллегия: проф. В.Г. Стрелец (отв. ред.) и др.
210 _aЛенинград
_cБ. и.
_d1976
215 _a169 с.
_d21
606 _aФизическая культура и спорт
_jСборники
_2psbo
702 1 _aСтрелец
_bВ. Г.
_gВладимир Григорьевич
_4340
712 0 2 _aИнститут физической культуры им. П. Ф. Лесгафта
_cЛенинград
_3RU\NLR\AUTH\889950356
801 0 _aRU
_bNLR
_gpsbo
801 1 _aRU
_bELAR
_2rusmarc
852 _aNLR
_j77-5/559
942 _cBOOK
980 _aNB